000
00344nam a2200145Ia 4500
008
150201s2009 xx 000 0 und d
082
_a
612.015
_b
M09S
100
_a
SOOD , RAMNIK
245
_a
MEDICAL LABORATORY TECHNOLOGY -1
250
_a
6TH
260
_b
JAYPEE
_a
DELHI
_c
2009
300
_a
808
650
_a
BIOCHEMISTRY
942
_2
ddc
_c
BK
999
_c
1945
_d
1945